Daily Country Riddle #42 - Statistics

General Stats
  • This quiz has been taken 242 times
  • The average score is 12 of 15
Answer Stats
Type Answer % Correct
Found Letter A
100%
Found Letter R
100%
Found Letter E
99%
Found Letter I
99%
Correctly Placed Letter A
96%
Correctly Placed Letter R
88%
Correctly Placed Letter R
85%
Found Letter T
80%
Found Letter R
68%
Correctly Placed Letter T
67%
Correctly Placed Letter E
66%
Found Letter E
65%
Correctly Placed Letter E
64%
Mystery Country Eritrea
64%
Correctly Placed Letter I
64%
No matching quizzes found
Score Distribution
Percent of People with Each Score
Percentile by Number Answered
Your Score History
You have not taken this quiz